Discrimination and The Law in Canada / (Record no. 831)

MARC details
000 -LEADER
fixed length control field 00517nam a22001697a 4500
005 - DATE AND TIME OF INPUT
control field 20231121094442.0
008 - DATA ELEMENTS--GENERAL INFORMATION
fixed length control field 231121b |||||||| |||| 00| 0 eng d
020 ## - INTERNATIONAL STANDARD BOOK NUMBER
International Standard Book Number 0888201052
041 ## - LANGUAGE CODE
Language code of text English
082 ## - SHELF NUMBER
DDC number 342.8 TAR
100 ## - MAIN AUTHOR
Main author's name Tarnopolsky, WS
Language of a work English
245 ## - TITLE STATEMENT
Title Discrimination and The Law in Canada /
Statement of responsibility, etc. WS Tarnopolsky
260 ## - PUBLICATION, DISTRIBUTION, ETC.
Place of publication, distribution, etc. Canada :
Name of publisher, distributor, etc. Richard De Boo Ltd,
Date of publication, distribution, etc. 1982
300 ## - PHYSICAL DESCRIPTION
Other physical details vii, 595 pages ;
Dimensions 24,5 cm.
650 ## - SUBJECT`
Broad subject Legal practice
Own subject terms Law
942 ## - ADDED ENTRY ELEMENTS (KOHA)
Item type Books
942 ## - ADDED ENTRY ELEMENTS (KOHA)
-- ALISON_BN_VRIES
Holdings
Source of classification or shelving scheme Not for loan Collection code Home library Current library Shelving location Date acquired Full call number Barcode Price effective from Koha item type
Dewey Decimal Classification   TEXT BOOKS LAW SOCIETY OF NAMIBIA LIBRARY - WINDHOEK LAW SOCIETY OF NAMIBIA LIBRARY - WINDHOEK General Shelf 11/21/2023 342.8 TAR LSN/1998/32 11/21/2023 Books